| 000 | 00496nam a2200193Ia 4500 | ||
|---|---|---|---|
| 008 | 240510s9999 xx 000 0 und d | ||
| 020 | _a9780321127426 | ||
| 041 | _aEng | ||
| 082 | _a004.22 | ||
| 082 | _bF58 | ||
| 100 | _aFOWLER,MARTIN.: RICE,DAVID.: FOEMMEL, MATTHEW...etl | ||
| 245 | 0 | _aPatterns of Enterprise Application Architecture | |
| 260 | _bNew York: Addison-Wesley | ||
| 260 | _c2003 | ||
| 300 | _a533 p. | ||
| 650 | _aComputer Architecture | ||
| 942 | _2ddc | ||
| 942 | _cRBK | ||
| 999 |
_c29373 _d29373 |
||
| 945 |
_a1 _bMadushi Gamage _c1 _dMadushi Gamage |
||